| 000 | 00748nam a2200205 i 4500 | ||
|---|---|---|---|
| 001 | 120570 | ||
| 003 | ES-MaACL | ||
| 005 | 20230906191559.0 | ||
| 008 | 070214s1931 sp |||| | spa d | ||
| 080 | _a94(470)"1905/07 | ||
| 080 | _a338.1(470)"18/19" | ||
| 100 | 1 |
_aPokrovskii, Mijail Nikolaevich. _992781 |
|
| 245 | 1 | 3 |
_aLa revolución rusa : _bhistoria de sus causas económicas / _cMijail Nikolaevich Pokrovskii ; traducción del ruso por Andrés Nin. |
| 260 |
_aMadrid : _bEditorial España, _c1931 ( _fSuc. de Rivadeneyra) |
||
| 300 |
_a338 p. ; _c20 cm. |
||
| 651 | 4 |
_aRusia- _xHistoria- _y1905-1907, Revolución. _99335 |
|
| 651 | 4 |
_aRusia- _xSituación económica. _9164924 |
|
| 700 | 1 |
_aNin, Andreu. _985748 |
|
| 852 |
_aES-MaACL _jA-508 |
||
| 999 |
_c120570 _d120570 |
||